Definitívne výsledky 27. kola periodických aukcií RM-Systému Slovakia, od 23.9.1994 do 6.10.1994
Abecedne usporiadaný zoznam spoločností, s ktorých účastinami sa obchodovalo v 27. kole periodických aukcií RM-Systému Slovakia s nasledovnými údajmi: názov spoločnosti, aukčná cena, uskutočnené obchody, objem obchodov, ponuka, dopyt, dolná a horná hranica prípustného cenového pásma pre 28. aukčné k...
Salvato in:
| Natura: | Capitolo di libro |
|---|---|
| Lingua: | slovacco |
| Soggetti: | |
| Tags: |
Nessun Tag, puoi essere il primo ad aggiungerne!!
|
MARC
| LEADER | 00000naa a2200000 4500 | ||
|---|---|---|---|
| 001 | r015866 | ||
| 005 | 20221213114415.0 | ||
| 041 | 0 | |a slo | |
| 044 | |a SK | ||
| 245 | 1 | 0 | |a Definitívne výsledky 27. kola periodických aukcií RM-Systému Slovakia, od 23.9.1994 do 6.10.1994 |
| 520 | |a Abecedne usporiadaný zoznam spoločností, s ktorých účastinami sa obchodovalo v 27. kole periodických aukcií RM-Systému Slovakia s nasledovnými údajmi: názov spoločnosti, aukčná cena, uskutočnené obchody, objem obchodov, ponuka, dopyt, dolná a horná hranica prípustného cenového pásma pre 28. aukčné kolo. | ||
| 610 | 2 | 0 | |a trh kapitálový |
| 610 | 2 | 0 | |a Slovensko |
| 610 | 2 | 0 | |a 1994 |
| 610 | 2 | 0 | |a september-október |
| 610 | 2 | 0 | |a aukcie |
| 610 | 2 | 0 | |a papiere cenné |
| 610 | 2 | 0 | |a RM-Systém Slovakia |
| 610 | 2 | 0 | |a obchody mimoburzové |